000
00280nam a22001337a 4500
008
171123b xxu||||| |||| 00| 0 eng d
020
_a
007000045172
041
_a
eng
080
_a
339.138
100
_a
60
101
_a
MAR
245
_a
MARKETING
_c
LYNG.R.E
942
_2
udc
_c
BK
999
_c
38375
_d
38375